<?xml version='1.0' encoding='UTF-8'?>
  <record xmlns="http://www.loc.gov/MARC21/slim">
    <leader>00000cam a2200000 i 4500</leader>
    <controlfield tag="001">ocm43158496</controlfield>
    <controlfield tag="003">OCoLC</controlfield>
    <controlfield tag="005">20231213210205.5</controlfield>
    <controlfield tag="008">970412s1574    sz a          001 0 lat d</controlfield>
    <datafield tag="040" ind1=" " ind2=" ">
      <subfield code="a">EQO</subfield>
      <subfield code="b">eng</subfield>
      <subfield code="e">rda</subfield>
      <subfield code="e">dcrmr</subfield>
      <subfield code="c">EQO</subfield>
      <subfield code="d">OCLCQ</subfield>
      <subfield code="d">UIU</subfield>
      <subfield code="d">OCLCG</subfield>
      <subfield code="d">OCLCF</subfield>
      <subfield code="d">OCLCO</subfield>
      <subfield code="d">OCLCQ</subfield>
      <subfield code="d">OCLCO</subfield>
      <subfield code="d">OCLCQ</subfield>
      <subfield code="d">OCLCO</subfield>
      <subfield code="d">QGJ</subfield>
      <subfield code="d">OCLCO</subfield>
      <subfield code="d">IEUOL</subfield>
      <subfield code="d">OCLCL</subfield>
    </datafield>
    <datafield tag="035" ind1=" " ind2=" ">
      <subfield code="a">(OCoLC)43158496</subfield>
    </datafield>
    <datafield tag="043" ind1=" " ind2=" ">
      <subfield code="a">e------</subfield>
    </datafield>
    <datafield tag="245" ind1="0" ind2="0">
      <subfield code="a">Historicum opus, in quatuor tomos diuisum: :</subfield>
      <subfield code="b">quorum, tomus I, Germaniae antiquae illustrationem continet, in qua veterum autorum descriptiones, tam generales, quàm speciales, cum doctissimorum virorum, nostrae aetatis, elaboratis commentarijs, explicantur, omissae ab antiquis recentiorum studio &amp; industria supplentur : praecipuae historiae Germaniae antiqu[a]e &amp; nouae describuntur, Populorum migrationes indicantur, Regionumq́[ue] ac Gentium appellationes recentes veteribus accommodantur, &amp; aliae quàmplurimae res liberali cognitione dignissimae, continentur : tomus II, compraehendit ea, quae sub Imperio Caroli V. Caesaris, in diuersis locis ac regionibus acciderunt, usq[ue] ad inaugurationem Ferdinandi I. Caesaris, unà cum resignatione Imperij Romani, à Carolo V. facta : tomus III, historias complectitur, qu[a]e uenerunt in gubernationem Ferdinandi I. huius nominis, Imp. unà cum epitoma rerum gestarum, in uarijs orbis terrarum partibus, à confirmatione eiusdem Caesaris, uidelicet ab anno Domini MDLVIII usque ad finem anni MDLXIIII : tomus IIII, res gestas in se continet, qu[a]e incurrerunt in Maximiliani II. C[a]es. Imperiu[m], unà cu[m] epitoma rerum, quae sub eode[m] C[a]esare, ab anno D[omi]ni MDLXV usq[ue] ad annum MDLXXIIII uarijs in orbis terrarum plagis peractae sunt : Germanicarum non solùm reru[m], sed &amp; uniuersis historiae ac antiquitatis studiosis, ut plurimum profuturum, à uiro quodam erudito, &amp; in historiarum lectione cum primis exercitato, (cuius in duorum posteriorum tomoru[m] praefationibus mentio fit) magno labore &amp; studio collectum, &amp; iampridem ad cognitionem historiarum in publicum aeditum ...</subfield>
    </datafield>
    <datafield tag="246" ind1="3" ind2="0">
      <subfield code="a">Historicvm opvs. in quatvor domos divisvm</subfield>
    </datafield>
    <datafield tag="264" ind1=" " ind2="1">
      <subfield code="a">Basileae, :</subfield>
      <subfield code="b">Ex Officina Henricpetrina,</subfield>
      <subfield code="c">mense Augusto anno M. D. LXXIIII [August 1574]</subfield>
    </datafield>
    <datafield tag="300" ind1=" " ind2=" ">
      <subfield code="a">4 volumes :</subfield>
      <subfield code="b">illustrations ;</subfield>
      <subfield code="c">33 cm (folio)</subfield>
    </datafield>
    <datafield tag="336" ind1=" " ind2=" ">
      <subfield code="a">text</subfield>
      <subfield code="b">txt</subfield>
      <subfield code="2">rdacontent</subfield>
    </datafield>
    <datafield tag="337" ind1=" " ind2=" ">
      <subfield code="a">unmediated</subfield>
      <subfield code="b">n</subfield>
      <subfield code="2">rdamedia</subfield>
    </datafield>
    <datafield tag="338" ind1=" " ind2=" ">
      <subfield code="a">volume</subfield>
      <subfield code="b">nc</subfield>
      <subfield code="2">rdacarrier</subfield>
    </datafield>
    <datafield tag="340" ind1=" " ind2=" ">
      <subfield code="m">folio</subfield>
      <subfield code="2">rdabf</subfield>
    </datafield>
    <datafield tag="500" ind1=" " ind2=" ">
      <subfield code="a">Publication statement from colophon in volume 4.</subfield>
    </datafield>
    <datafield tag="500" ind1=" " ind2=" ">
      <subfield code="a">Imprint volume 1-4: Basileae.</subfield>
    </datafield>
    <datafield tag="500" ind1=" " ind2=" ">
      <subfield code="a">Colophon volume 1: Basileae, ex officina Henricpetrina.</subfield>
    </datafield>
    <datafield tag="500" ind1=" " ind2=" ">
      <subfield code="a">Title v. 2: "Tomus II, qui ea continet, quae in Imperium Caroli V. Caesaris inciderunt, ex quibus autem is desumptus ac confectus sit, catalogus sequens indicabit"; title v. 3: "Tomus III, historiarum, quae venerunt in gubernationem Ferdinandi I, huius nominis imp. vnà cum epitoma rerum in varijs orbis terrarum partibus ... à D. Simone Schardio Iurisconsulto ex varijs aliorum scriptis collecta ... "; title v. 4: "Tomus IIII, rerum gestarum, quae incurrerunt in Maximiliani II Caesaris Imperium, vnà cum epitoma rerum ... authore D. Simone Schardio Iurisconsulto ..."</subfield>
    </datafield>
    <datafield tag="500" ind1=" " ind2=" ">
      <subfield code="a">Dedication signed: "Ioannes Ophaeus Tencterus."</subfield>
    </datafield>
    <datafield tag="500" ind1=" " ind2=" ">
      <subfield code="a">Edited by Nicolaus Cisner. cf. Bib. nat.</subfield>
    </datafield>
    <datafield tag="500" ind1=" " ind2=" ">
      <subfield code="a">Paged continuously.</subfield>
    </datafield>
    <datafield tag="500" ind1=" " ind2=" ">
      <subfield code="a">Pagination: v. 1: [70], 825, [3] pages; v. 2: [72], 827-1919, [1] pages; v. 3: [72], 1933-2218, [2] pages; v. 4: [68], 2221-2539, [1] pages.</subfield>
    </datafield>
    <datafield tag="500" ind1=" " ind2=" ">
      <subfield code="a">Printer's device on verso of last leaf in each volume.</subfield>
    </datafield>
    <datafield tag="500" ind1=" " ind2=" ">
      <subfield code="a">Initials; printed marginal notes; woodcut illustrations.</subfield>
    </datafield>
    <datafield tag="510" ind1="4" ind2=" ">
      <subfield code="a">Verzeichnis der im deutschen Sprachbereich erschienenen Drucke des 16. Jahrhunderts (VD 16),</subfield>
      <subfield code="c">S 2278</subfield>
    </datafield>
    <datafield tag="510" ind1="4" ind2=" ">
      <subfield code="a">Adams, H.M. Catalogue of books printed on the continent of Europe, 1501-1600, in Cambridge libraries,</subfield>
      <subfield code="c">S 623</subfield>
    </datafield>
    <datafield tag="500" ind1=" " ind2=" ">
      <subfield code="a">Includes indexes.</subfield>
    </datafield>
    <datafield tag="651" ind1=" " ind2="0">
      <subfield code="a">Holy Roman Empire</subfield>
      <subfield code="x">History</subfield>
      <subfield code="v">Sources.</subfield>
    </datafield>
    <datafield tag="651" ind1=" " ind2="0">
      <subfield code="a">Germany</subfield>
      <subfield code="x">History</subfield>
      <subfield code="y">To 1517</subfield>
      <subfield code="v">Sources.</subfield>
    </datafield>
    <datafield tag="651" ind1=" " ind2="6">
      <subfield code="a">Saint Empire romain germanique</subfield>
      <subfield code="x">Histoire</subfield>
      <subfield code="v">Sources.</subfield>
    </datafield>
    <datafield tag="651" ind1=" " ind2="6">
      <subfield code="a">Allemagne</subfield>
      <subfield code="x">Histoire</subfield>
      <subfield code="y">Jusqu'à 1517</subfield>
      <subfield code="v">Sources.</subfield>
    </datafield>
    <datafield tag="651" ind1=" " ind2="7">
      <subfield code="a">Europe</subfield>
      <subfield code="z">Holy Roman Empire</subfield>
      <subfield code="2">fast</subfield>
    </datafield>
    <datafield tag="651" ind1=" " ind2="7">
      <subfield code="a">Germany</subfield>
      <subfield code="2">fast</subfield>
      <subfield code="1">https://id.oclc.org/worldcat/entity/E39PBJtCD3rcKcPDx6FHmjvrbd</subfield>
    </datafield>
    <datafield tag="648" ind1=" " ind2="7">
      <subfield code="a">To 1517</subfield>
      <subfield code="2">fast</subfield>
    </datafield>
    <datafield tag="655" ind1=" " ind2="7">
      <subfield code="a">History</subfield>
      <subfield code="2">fast</subfield>
    </datafield>
    <datafield tag="655" ind1=" " ind2="7">
      <subfield code="a">Sources</subfield>
      <subfield code="2">fast</subfield>
    </datafield>
    <datafield tag="655" ind1=" " ind2="7">
      <subfield code="a">Blind tooled bindings (Binding)</subfield>
      <subfield code="2">rbbin</subfield>
    </datafield>
    <datafield tag="655" ind1=" " ind2="7">
      <subfield code="a">Reversed leather bindings (Binding)</subfield>
      <subfield code="2">rbbin</subfield>
    </datafield>
    <datafield tag="655" ind1=" " ind2="7">
      <subfield code="a">Autographs (Provenance)</subfield>
      <subfield code="2">rbprov</subfield>
    </datafield>
    <datafield tag="655" ind1=" " ind2="7">
      <subfield code="a">Markings (Provenance)</subfield>
      <subfield code="z">Ireland</subfield>
      <subfield code="z">Cashel (Tipperary)</subfield>
      <subfield code="2">rbprov</subfield>
    </datafield>
    <datafield tag="700" ind1="1" ind2=" ">
      <subfield code="a">Schardius, Simon,</subfield>
      <subfield code="d">1535-1573,</subfield>
      <subfield code="e">compiler.</subfield>
      <subfield code="4">com</subfield>
      <subfield code="1">https://id.oclc.org/worldcat/entity/E39PBJvcXk8bdR48yRpf4WYQMP</subfield>
    </datafield>
    <datafield tag="700" ind1="1" ind2=" ">
      <subfield code="a">Cisner, Nicolaus,</subfield>
      <subfield code="d">1529-1583,</subfield>
      <subfield code="e">editor.</subfield>
      <subfield code="4">edt</subfield>
      <subfield code="1">https://id.oclc.org/worldcat/entity/E39PBJqfHBdH4TJCdTyPqrgVG3</subfield>
    </datafield>
    <datafield tag="700" ind1="1" ind2=" ">
      <subfield code="a">Petri, Heinrich,</subfield>
      <subfield code="d">1508-1579,</subfield>
      <subfield code="e">printer.</subfield>
      <subfield code="4">prt</subfield>
      <subfield code="1">https://id.oclc.org/worldcat/entity/E39PBJx8JRtc7qhTbWq9RHjgrq</subfield>
    </datafield>
    <datafield tag="752" ind1=" " ind2=" ">
      <subfield code="a">Switzerland</subfield>
      <subfield code="d">Basel,</subfield>
      <subfield code="e">publication place.</subfield>
      <subfield code="4">pup</subfield>
    </datafield>
  </record>